000
00385nam a2200145Ia 4500
008
100122s9999 xx 000 0 und d
082
_b
45375
_a
823.08
100
_a
गोडबोले मंगला
245
_a
सोबत
260
_b
अर्चना प्रकाशन
_c
1991
300
_a
216
630
_a
सोबत
730
_a
सोबत
942
_c
BOOK
999
_c
424878
_d
424875